000 00839nam a2200253 i 4500
003 DO-SdBNP
005 20230925112954.0
007 ta
008 140217s1989 dr 000 0 spa d
040 _aDO-SdBNP
_bspa
_cBNPHU
_erda
082 _bL681
_222
110 2 _aDafesa consultores e inversionistas
_9447
240 1 0 _a[leyes,etc.]
245 1 0 _aLey de condominios :
_b(No. 5038 del 21 de noviembre de 1958) /
_cpresentación Danilo A. Feliz Sánchez
264 1 _aSanto Domingo :
_bDafesa consultores e inversionistas,
_c1989.
300 _a14 páginas
_c22 cm.
336 _2rdacontent
_atexto
_btxt
337 _2rdamedia
_asin mediación
_bn
338 _2rdacarrier
_avolumen
_bnc
590 _aInventariado, 2023/ YL
700 1 _aFeliz Sánchez, Danilo A.
_epresentación
_936228
910 _aYLockward
942 _2ddc
_cLF2
999 _c54921
_d54921